Vista normal
Vista MARC
Entrada Nombre corporativo
Número de registros utilizados en: 9
001 - NÚMERO DE CONTROL
- Campo de control: 39017
003 - IDENTIFICADOR DE NÚMERO DE CONTROL
- Campo de control: ES-MaCES
005 - FECHA Y HORA DE LA ULTIMA MODIFICACION
- Campo de control: 20180409131211.0
008 - ELEMENTOS DE DATOS DE LONGITUD FIJA
- Campo de longitud fija: 180409|| azz||aabn | a|a d
040 ## - FUENTE DE LA CATALOGACIÓN
- Agencia original de catalogación: ES-MaCES
110 1# - ENCABEZAMIENTO--NOMBRE CORPORATIVO
- Nombre corporativo o de jurisdicción como elemento de entrada: España
- Título de una obra: Ley de contratos del sector público
- Lugar de reunión o firma del tratado: 2017
410 ## - TRAZADO VEÁSE--NOMBRE CORPORATIVO
- Nombre corporativo o de jurisdicción como elemento de entrada: España
- Título de una obra: Ley de contratos del sector público, por la que se transponen al ordenamiento jurídico español las Directivas del Parlamento Europeo y del Consejo 2014/23/UE y 2014/24/UE, de 26 de febrero de 2014
- Lugar de reunión o firma del tratado: 2017
670 ## - FUENTE DE DATOS ENCONTRADOS
- Fuente de citación: BOE núm. 272, de 9 de noviembre de 2017, páginas 107714 a 108007 (294 págs.)
- Información encontrada: Ley 9/2017, de 8 de noviembre

